Performance Evaluation Of SRTCs In India (Record no. 14896)
[ view plain ]
| 000 -LEADER | |
|---|---|
| fixed length control field | 004880000a22001930004500 |
| 001 - CONTROL NUMBER | |
| control field | 002990 |
| 003 - CONTROL NUMBER IDENTIFIER | |
| control field | MACL |
| 005 - DATE AND TIME OF LATEST TRANSACTION | |
| control field | 20150802180139.0 |
| 008 - FIXED-LENGTH DATA ELEMENTS--GENERAL INFORMATION | |
| fixed length control field | 150802b xxu||||| |||| 00| 0 eng d |
| 040 ## - CATALOGING SOURCE | |
| Original cataloging agency | MACL |
| Transcribing agency | MACL |
| 041 ## - LANGUAGE CODE | |
| Language code of text/sound track or separate title | English |
| 082 ## - DEWEY DECIMAL CLASSIFICATION NUMBER | |
| Classification number | 398/GOW |
| 100 ## - MAIN ENTRY--PERSONAL NAME | |
| Personal name | Gowda, J. Made |
| 9 (RLIN) | 4519 |
| 245 ## - TITLE STATEMENT | |
| Title | Performance Evaluation Of SRTCs In India |
| Statement of responsibility, etc. | J. Made Gowda |
| 260 ## - PUBLICATION, DISTRIBUTION, ETC. (IMPRINT) | |
| Place of publication, distribution, etc. | Delhi |
| Date of publication, distribution, etc. | 2002 |
| Name of publisher, distributor, etc. | Knowledge Plus, |
| 350 ## - PRICE (NR) (BK AM CF MU VM SE) [OBSOLETE] | |
| Price | 275 |
| 650 ## - SUBJECT ADDED ENTRY--TOPICAL TERM | |
| Topical term or geographic name as entry element | Transportation |
| 9 (RLIN) | 4381 |
| 942 ## - ADDED ENTRY ELEMENTS (KOHA) | |
| Call number prefix | 388 |
| Koha item type | Books |
| Source of classification or shelving scheme | |
| Withdrawn status | Lost status | Source of classification or shelving scheme | Damaged status | Not for loan | Home library | Current library | Date acquired | Cost, normal purchase price | Total Checkouts | Full call number | Barcode | Date last seen | Uniform Resource Identifier | Price effective from | Koha item type |
|---|---|---|---|---|---|---|---|---|---|---|---|---|---|---|---|
| MACL | MACL | 15/04/2015 | 275.00 | 388/GOW | CRE014063 | 02/05/2024 | 14785 | 15/04/2015 | Books |









